| 000 | 00644nam a2200181Ia 4500 | ||
|---|---|---|---|
| 008 | 100921s9999 xx 000 0 und d | ||
| 082 |
_b35402 _a891.467 न 02 |
||
| 100 | _aदातार अशोक. | ||
| 245 | _aहास्यरंग. | ||
| 260 |
_bघरकुल प्रकाशन,पुणे. _c2002 |
||
| 300 |
_a72 _bरसिक साहित्य,पुणे |
||
| 365 | _b75 | ||
| 520 | _aललित-विनोदी साहित्य. | ||
| 630 | _aहास्यरंग. | ||
| 650 | _aललित-विनोदी साहित्य. | ||
| 730 | _aहास्यरंग. | ||
| 942 | _cBOOK | ||
| 999 |
_c784515 _d784512 |
||